Great political thinkers : (Record no. 579)

MARC details
000 -LEADER
fixed length control field 00505cam a2200193ua 4500
001 - CONTROL NUMBER
control field 650
005 - DATE AND TIME OF LATEST TRANSACTION
control field 20260515113213.0
008 - FIXED-LENGTH DATA ELEMENTS--GENERAL INFORMATION
fixed length control field 110411n ii |||gr||||Z||||||eng
040 ## - CATALOGING SOURCE
Transcribing agency MAIN
082 ## - DEWEY DECIMAL CLASSIFICATION NUMBER
Classification number 320.5
245 1# - TITLE STATEMENT
Title Great political thinkers :
Remainder of title East & west /
Statement of responsibility, etc. by R.C. Gupta
250 ## - EDITION STATEMENT
Edition statement 4th.
260 ## - PUBLICATION, DISTRIBUTION, ETC.
Place of publication, distribution, etc. Agra:
Name of publisher, distributor, etc. Lakshmi narayan agarwal,980.
300 ## - PHYSICAL DESCRIPTION
Extent xi, 512p.:
Dimensions 30cm.
653 ## - INDEX TERM--UNCONTROLLED
Uncontrolled term Political science
653 ## - INDEX TERM--UNCONTROLLED
Uncontrolled term Great political thinkers
700 ## - ADDED ENTRY--PERSONAL NAME
Personal name Gupta, R.C.,
Relator term Author.
942 ## - ADDED ENTRY ELEMENTS (KOHA)
Koha item type Books
Holdings
Withdrawn status Lost status Damaged status Not for loan Home library Current library Shelving location Date acquired Total checkouts Full call number Barcode Date last seen Copy number Price effective from Koha item type
        Naharkatiya College Library Naharkatiya College Library General stacks 09/19/2020   320.5 | GUP 722 09/19/2020 1 09/19/2020 Books